Statistics for County Seats Of Louisiana

Click here to take the quiz!

General Stats

  • This quiz has been taken 14 times
    (12 since last reset)
  • The average score is 25 of 64

Answer Stats

ParishSeat% Correct
East _____ _____Baton Rouge
100%
OrleansNew Orleans
100%
CaddoShreveport
100%
RapidesAlexandria
80%
BienvilleArcadia
80%
TerrebonneHouma
80%
_________Lafayette
80%
CalcasieuLake Charles
80%
OuachitaMonroe
80%
IberiaNew Iberia
80%
LafourcheThibodaux
80%
St. MaryFranklin
60%
____________Natchitoches
60%
VermilionAbbeville
40%
TangipahoaAmite City
40%
_______Cameron
40%
St. BernardChalmette
40%
Red RiverCoushatta
40%
St. TammanyCovington
40%
AscensionDonaldsonville
40%
UnionFarmerville
40%
WashingtonFranklinton
40%
JeffersonGretna
40%
East CarrollLake Providence
40%
VernonLeesville
40%
DeSotoMansfield
40%
SabineMany
40%
WebsterMinden
40%
St. LandryOpelousas
40%
LincolnRuston
40%
West FelicianaSt. Francisville
40%
MadisonTallulah
40%
WinnWinnfield
40%
FranklinWinnsboro
40%
MorehouseBastrop
20%
BossierBenton
20%
East FelicianaClinton
20%
GrantColfax
20%
CaldwellColumbia
20%
St. JamesConvent
20%
AcadiaCrowley
20%
BeauregardDeRidder
20%
St. John the BaptistEdgard
20%
St. HelenaGreensburg
20%
St. CharlesHahnville
20%
CatahoulaHarrisonburg
20%
ClaiborneHomer
20%
LaSalleJena
20%
Jefferson DavisJennings
20%
JacksonJonesboro
20%
__________Livingston
20%
AvoyellesMarksville
20%
AssumptionNapoleonville
20%
Pointe CoupeeNew Roads
20%
West CarrollOak Grove
20%
AllenOberlin
20%
IbervillePlaquemine
20%
PlaqueminesPointe à la Hache
20%
West _____ _____Port Allen
(West Baton Rouge Parish)
20%
RichlandRayville
20%
TensasSt. Joseph
20%
St. MartinSt. Martinville
20%
ConcordiaVidalia
20%
EvangelineVille Platte
20%

Score Distribution

Percentile by Number Answered

Percent of People with Each Score

Your Score History

You have not taken this quiz since the last reset